[Event "Barcelona Sants op 17th"]
[Site "Barcelona"]
[Date "2015.08.24"]
[Round "4"]
[White "Faerman, Igor"]
[Black "Alcala Valiente, Juan Carlos"]
[Result "1/2-1/2"]
[WhiteElo "2297"]
[BlackElo "2133"]
[PlyCount "114"]
[EventDate "2015.08.21"]
[EventType "swiss"]
[EventRounds "10"]
[EventCountry "ESP"]
[SourceTitle "EXT 2016"]
[Source "ChessBase"]
[SourceDate "2015.10.08"]
[SourceVersion "1"]
[SourceVersionDate "2015.10.08"]
[SourceQuality "1"]

1. d4 d5 2. Nf3 c6 3. Bf4 Nf6 4. h3 Qb6 5. Qc1 c5 6. e3 Nc6 7. c3 Bf5 8. Nbd2 Nd7 9. Be2 e6 10. 0-0 Be7 11. c4 Rc8 12. Nb3 0-0 13. Ne5 Ndxe5 14. dxe5 Nb4 15. Qc3 Rfd8 16. Rfd1 dxc4 17. Qxc4 Bc2 18. Rd2 Rxd2 19. Nxd2 Rd8 20. Qc3 Bd3 21. Bf3 Qa6 22. Ne4 c4 23. Nd6 Nc2 24. Rc1 Qxa2 25. Bxb7 Rb8 26. Nxc4 Qxc4 27. Qxc4 Bxc4 28. Rxc2 Rxb7 29. Rxc4 Rxb2 30. Rc8+ Bf8 31. Ra8 Rb7 32. e4 f6 33. exf6 gxf6 34. Bh6 Rf7 35. Bxf8 Rxf8 36. Rxa7 Rb8 37. Re7 e5 38. Kh2 Rb4 39. f3 Rb2 40. Kg3 Ra2 41. Rd7 Rb2 42. h4 h5 43. Rd3 Kf7 44. Kh3 Kg6 45. Rd6 Rf2 46. Rd7 Rf1 47. Kg3 Rh1 48. Rd2 Kf7 49. Rf2 Re1 50. Ra2 Rh1 51. Ra8 Kg7 52. Ra2 Kf7 53. Rf2 Re1 54. Kh2 Kg6 55. g3 Re3 56. Kg2 Re1 57. Rd2 Re3 1/2-1/2

[Event "Vienna op 16th"]
[Site "Vienna"]
[Date "2009.08.16"]
[Round "2"]
[White "Smith, Thijmen"]
[Black "Faerman, Igor"]
[Result "0-1"]
[WhiteElo "1997"]
[BlackElo "2249"]
[PlyCount "82"]
[EventDate "2009.08.15"]
[EventType "swiss"]
[EventRounds "9"]
[EventCountry "AUT"]
[SourceTitle "CBM 131 Extra"]
[Source "ChessBase"]
[SourceDate "2009.09.03"]
[SourceVersion "2"]
[SourceVersionDate "2009.09.16"]
[SourceQuality "1"]

1. e4 c5 2. Nf3 Nc6 3. d4 cxd4 4. Nxd4 Nf6 5. Nc3 e6 6. Ndb5 Bb4 7. a3 Bxc3+ 8. Nxc3 d5 9. exd5 exd5 10. Bd3 0-0 11. 0-0 h6 12. Bf4 d4 13. Ne2 Qd5 14. Qd2 Ne4 15. Bxe4 Qxe4 16. Nc1 Bf5 17. Nd3 Qd5 18. Rfe1 Rfe8 19. Rad1 Qb5 20. Nb4 Nxb4 21. axb4 Qc4 22. c3 d3 23. Be3 Re6 24. Bd4 Rae8 25. Re3 Rxe3 26. fxe3 Be4 27. Rf1 f5 28. Bxa7 Re6 29. Bd4 Rg6 30. Rf2 Qd5 31. b3 Bxg2 32. Be5 Be4+ 33. Bg3 Kh7 34. c4 Qe6 35. b5 h5 36. Kf1 h4 37. Bxh4 f4 38. Ke1 Rg1+ 39. Rf1 Rxf1+ 40. Kxf1 Qh3+ 41. Kg1 fxe3 0-1

[Event "Olomouc op"]
[Site "Olomouc"]
[Date "2008.08.06"]
[Round "8"]
[White "Cagasik, Tomas"]
[Black "Faerman, Igor"]
[Result "1/2-1/2"]
[WhiteElo "2253"]
[BlackElo "2245"]
[PlyCount "45"]
[EventDate "2008.07.31"]
[EventType "swiss"]
[EventRounds "9"]
[EventCountry "CZE"]
[SourceTitle "CBM 125 Extra"]
[Source "ChessBase"]
[SourceDate "2008.09.01"]
[SourceVersion "1"]
[SourceVersionDate "2008.09.01"]
[SourceQuality "1"]

1. c4 Nf6 2. Nc3 c5 3. Nf3 e6 4. g3 b6 5. Bg2 Bb7 6. 0-0 Be7 7. b3 0-0 8. Bb2 d5 9. Ne5 Nbd7 10. cxd5 exd5 11. Nxd7 Qxd7 12. d4 cxd4 13. Qxd4 Bc5 14. Qh4 d4 15. Ne4 Nxe4 16. Bxe4 Bxe4 17. Qxe4 Rfe8 18. Qd3 Qe6 19. Bxd4 Bxd4 20. Qxd4 Qxe2 21. Rfd1 h6 22. Rd2 Qf3 23. Qd5 1/2-1/2

[Event "Olomouc op"]
[Site "Olomouc"]
[Date "2008.08.05"]
[Round "7"]
[White "Faerman, Igor"]
[Black "Zakharchenko, Arnold"]
[Result "1-0"]
[WhiteElo "2245"]
[BlackElo "2271"]
[PlyCount "59"]
[EventDate "2008.07.31"]
[EventType "swiss"]
[EventRounds "9"]
[EventCountry "CZE"]
[SourceTitle "CBM 125 Extra"]
[Source "ChessBase"]
[SourceDate "2008.09.01"]
[SourceVersion "1"]
[SourceVersionDate "2008.09.01"]
[SourceQuality "1"]

1. d4 Nf6 2. Bg5 Ne4 3. Bh4 d5 4. f3 Nd6 5. Nc3 c6 6. e4 Qb6 7. a3 e6 8. Bf2 g6 9. Bd3 Bg7 10. Nge2 a5 11. b3 Qd8 12. 0-0 b6 13. e5 Nf5 14. g4 Ne7 15. f4 Ba6 16. Bxa6 Nxa6 17. Ng3 Qd7 18. Be3 f5 19. exf6 Bxf6 20. f5 exf5 21. gxf5 0-0 22. Bh6 Bg7 23. Bxg7 Kxg7 24. fxg6 hxg6 25. Qe2 Qd6 26. Rxf8 Kxf8 27. Re1 b5 28. Qe3 Nc7 29. Qh6+ Ke8 30. Nf5 1-0

[Event "Olomouc op"]
[Site "Olomouc"]
[Date "2008.07.31"]
[Round "1"]
[White "Faerman, Igor"]
[Black "Sokolski, Aleksander"]
[Result "1-0"]
[WhiteElo "2245"]
[BlackElo "1883"]
[PlyCount "49"]
[EventDate "2008.07.31"]
[EventType "swiss"]
[EventRounds "9"]
[EventCountry "CZE"]
[SourceTitle "CBM 125 Extra"]
[Source "ChessBase"]
[SourceDate "2008.09.01"]
[SourceVersion "1"]
[SourceVersionDate "2008.09.01"]
[SourceQuality "1"]

1. d4 Nf6 2. Bg5 e6 3. Nf3 b6 4. e3 Bb7 5. Bd3 d5 6. c3 Be7 7. Nbd2 Nbd7 8. 0-0 0-0 9. Qb1 h6 10. Bh4 c5 11. b4 c4 12. Bc2 b5 13. a4 a6 14. axb5 axb5 15. Rxa8 Qxa8 16. Qb2 Bc6 17. Ne5 Bd6 18. Ra1 Qb7 19. Bg3 Bxe5 20. dxe5 Ng4 21. Nf3 Qc7 22. Ra6 Rb8 23. Qa1 Ngxe5 24. Nxe5 Bb7 25. Nxd7 1-0